Wszystkie polskie kluby piłkarskie na literę E - Statystyki

Ogólne statystyki
  • Ten quiz został rozwiązany 45 razy
  • Średni wynik to 2 z 14
Statystyki odpowiedzi
Odpowiedź % Poprawnych
Elana Toruń
100%
Energetyk Gryfino
12%
Energetyk ROW Rybnik
10%
Elektrociepłownia Rzeszów
5%
Energetyk Dychów
5%
Echo Biesowice
2%
Echo Zawada
2%
Ehrle Polska Dobra Szczecińska
2%
Ekler Baranówka
2%
Energetyk Siechnice
2%
Energo-Efekt Trzcianka
2%
Eskimo Chrzęsne
2%
Ester Wojciechowice
2%
Ewingi Zalewo
2%
Nie znaleziono quizów pasujących do podanych kryteriów
Rozkład punktacji
Procent ludzi z każdym wynikiem
Percentyl według liczby udzielonych odpowiedzi
Twoja historia wyników
Nie rozwiązałeś tego quizu